Land tenure and peasant in South Asia (Record no. 28076)
[ view plain ]
| 000 -LEADER | |
|---|---|
| fixed length control field | 00300nam a2200109Ia 4500 |
| 082 ## - DEWEY DECIMAL CLASSIFICATION NUMBER | |
| Classification number | 332.021.8 |
| Item number | FRY |
| 245 #0 - TITLE STATEMENT | |
| Title | Land tenure and peasant in South Asia |
| 260 ## - PUBLICATION, DISTRIBUTION, ETC. (IMPRINT) | |
| Place of publication | New Delhi |
| Name of publisher | Orient Longman |
| Year of publication | 1977 |
| 700 ## - ADDED ENTRY--PERSONAL NAME | |
| Personal name | FRYKENBERG, Robert Eric |
| 942 ## - ADDED ENTRY ELEMENTS (KOHA) | |
| Koha item type | Books |
| Withdrawn status | Lost status | Damaged status | Not for loan | Home library | Current library | Date acquired | Full call number | Accession Number | Koha item type |
|---|---|---|---|---|---|---|---|---|---|
| RRII Library | RRII Library | 16/12/2021 | 332.021.8 FRY | 08685 | Books |